[Event "Olympiad-34"]
[Site "Istanbul"]
[Date "2000.11.01"]
[Round "5.1"]
[White "Kortschnoj, Viktor Lvovich"]
[Black "Ivanchuk, Vassily"]
[Result "0-1"]
[WhiteElo "2620"]
[BlackElo "2719"]
[Annotator "Ivanchuk,V"]
[PlyCount "98"]
[EventDate "2000.10.28"]
[EventType "team-swiss"]
[EventRounds "14"]
[EventCountry "TUR"]
[SourceTitle "EXT 2001"]
[Source "ChessBase"]
[SourceDate "2000.11.22"]
[SourceVersion "1"]
[SourceVersionDate "2000.11.22"]
[SourceQuality "1"]
[WhiteTeam "Switzerland"]
[BlackTeam "Ukraine"]
[WhiteTeamCountry "SUI"]
[BlackTeamCountry "UKR"]

1. Nf3 {Ribli} d5 2. g3 Nf6 3. Bg2 e6 4. d4 c5 5. O-O Nc6 6. c4 dxc4 {Ribli:
'Durch Zugumstellung haben wir eine Hauptvariante der Katalanischen
Verteidigung erreicht.'} 7. Qa4 {Ribli: 'Das ist die alte Fortsetzung -
heutzutage ist die Alternative populärer.'} (7. Ne5 {Ribli} Bd7 8. Na3) 7...
Bd7 8. Qxc4 (8. dxc5 {Ribli} Na5 $13) 8... b5 9. Qd3 {Ribli: 'Natürlich spielt
Weiß nicht 9.Qxb5?, wonach 9...Nxd4 10.Qd3 Bb5 für Schwarz gewinnt. Das ist
ein gut bekanntes Motiv. '} Rc8 10. Nc3 {Ribli: 'Dieser Zug ist - meiner
Meinung nach - weniger zu empfehlen als die Alternative. Es sieht zwar auf den
ersten Blick scheint logisch aus: Denn Weiß strebt rasche Entwicklung an. Aber
in der Folge kann Schwarz den Nc3 mit Tempo verjagen.'} ({More popular is} 10.
dxc5 Bxc5 11. Nc3 Nb4) 10... cxd4 ({Other move is} 10... c4 {had giving
control on center to the white}) 11. Nxd4 Ne5 $5 {I choosed compications '!'
Ribli. Ribli: 'Der Tausch des Springers wäre auch gut, aber der Textzug
eröffnet Schwarz eine Reihe von Möglichkeiten.'} (11... Nxd4 12. Qxd4 Bc5 13.
Qd3 b4 14. Ne4 Nxe4 15. Bxe4 Qb6 {leeds to equality} 16. a4 Rd8 17. a5 Qb5 18.
Bxh7 Bc6 19. Qxb5 Bxb5 20. Be4 Bxe2 21. Re1 Bb5 22. Bg5 {1/2-1/2 Pribyl,
J-Luther,T/Germany 2000/CBM 74 ext (22)}) 12. Qd1 b4 (12... Qb6 13. a4 b4 (
13... bxa4 {Ribli} 14. Nxa4 Qb8 15. Bf4 Bd6 16. Nc3 Nc4 17. Bxd6 Nxd6 18. Ra6
Qxb2 19. Na4 Qb8 20. Nc6 Bxc6 21. Bxc6+ Ke7 22. Qa1 Rhd8 23. Rb1 Qc7 24. Qa3
Rb8 25. Rxb8 Qxb8 26. Nc5 Rc8 27. Rxa7+ Kf8 28. Rb7 {1-0 Ribli,Z-Unzicker,W/
Luzern 1982/EXT 97-B (28)}) 14. Ne4 $14) 13. Ne4 Nd5 {Ribli: 'Schwarz geht
Vereinfachungen aus dem Wege und strebt komplitziertes Spiel an. - Ein
interessantes Bild: alle vier Zentrumsfelder sind von Springern besetzt.'} (
13... Nxe4 {Ribli} 14. Bxe4 Be7 15. Bf4 Nc4 16. b3 Nd6 17. Bf3 O-O 18. Rc1 Nb5
19. Nxb5 Bxb5 20. Qxd8 Rfxd8 21. Be3 a6 {1/2-1/2 Wang,R-Lauber,A/Perenyi
memorial 2000 (65)}) 14. Ng5 $146 {This novelty is merite attention. '?!'
Ribli. Ribli: 'Dieser Zug gefällt mir nicht - Weiß verliert zu viel Zeit mit
diesem Springer. Die Entwicklung des Bb1 ist vorzuziehen. '} (14. Bf4 Nxf4 15.
gxf4 Ng6 16. e3 {Lobron-Tot,Biel 1981} Be7 17. Qh5 Qb6 18. Rfd1 O-O 19. Nf3 Be8
20. f5 exf5 21. Qxf5 Bc6 22. Rd4 Bxe4 23. Qxe4 Rce8 24. Qc2 Bf6 25. Rd7 Ne5 26.
Nxe5 Bxe5 27. Rad1 {1-0 Lobron,E-Toth,B/Biel 1981/MCD (78)}) (14. Bg5 {Ribli}
Qb6 $11 (14... Be7 {Ribli} 15. Nd6+ $18)) 14... Be7 15. Bxd5 {'?!' Ribli.
Ribli: 'Weiß gibt den "katalanischem" Läufer für den Springer und möchte gegen
den isolierten Bauern spielen. Ich glaube, es wäre auch hier viel besser den
Läufer (entsprechend der allgemeinen Regel) auf dem Brett zu halten.'} ({
There are many possibilitie in the position and to take good decision is
difficult.During the game I saw} 15. Nf5 exf5 (15... Rxc1 16. Rxc1 Bxg5 17. f4
Qb6+ 18. Kh1 Ng4 19. fxg5 Nge3 20. Qb3 $1 $16) 16. Qxd5 Rc5 17. Qd4 O-O 18. Bf4
Bc6 19. Bxe5 (19. Qxd8 Rxd8 20. Rfc1 Bxg2 21. Kxg2 Ng6 22. Be3) 19... Bxg2 20.
Kxg2 Rd5 21. Qf4 (21. Nxf7 Qa8 $1) 21... Bxg5 22. Qxf5 Re8 23. f4 Bf6 24. Bxf6
gxf6 25. Qg4+ Kh8 $44) (15. e4 Nb6 16. h4 Bf6 (16... h6 17. Ngf3 Nxf3+ (17...
Ba4 18. b3 Nxf3+ 19. Bxf3 Bd7) 18. Qxf3 Bf6 19. Rd1 $13) 17. Qh5 (17. f4 Ba4
18. b3 (18. Nb3 Nd3 $1) 18... Nd3 $1) 17... g6 18. Qe2 {with complicate game})
(15. Ngf3 {Ribli} Nxf3+ 16. Nxf3 $11 (16. Bxf3 $11 {Ribli})) 15... exd5 16.
Ngf3 (16. Ndf3 Nxf3+ (16... f6 17. Nxe5 (17. h4 Nc4 18. Qxd5 fxg5 19. Nxg5 Bxg5
(19... Nd6 20. Bf4 Bc6 $13) 20. Bxg5 Qa5 $1 $19) 17... fxe5 18. h4 Bc6 (18...
Bb5 19. Ne6 Qd7 20. Nxg7+ Kf8 (20... Kf7 21. Nf5 $1 $36) 21. Nh5 $13) (18...
Bg4 19. f3 $13) 19. Ne6 Qd7 20. Nxg7+ Kf7 21. Nh5 Qf5 $36) 17. Nxf3 $11 {
cause exchange is good for white but the black have two strong bishops}) 16...
Nc4 {'=/+' Ribli. Ribli: 'Das ist typisch für solche Stellungen: der Spieler
mit dem isolierten Pd5 besetzt die Punkten c4 und e4 - den "Schnurrbart" des
Pd5.'} 17. Qd3 $6 (17. b3 Nd6 18. a3 (18. Ne5 $5) 18... a5 (18... Ne4 19. axb4
Nc3 20. Qd3 Bxb4 21. Rxa7 O-O 22. Ng5 $1) 19. axb4 axb4 20. Ne5 {with simple
play for white}) (17. Nc2 Bh3 18. Re1 O-O 19. b3 Bf6 20. bxc4 Bxa1 21. Nxa1
dxc4 $13) 17... O-O 18. Rd1 Re8 {Ribli: 'Der Pd5P ist nur theoretisch eine
Schwäche - Schwarz hat dafür das Läuferpaar und zwei offene Linien. '} 19. Rb1
$2 {'?!' Ribli. Ribli: 'Ich verstehe diese Fortsetzung nicht. Es wäre besser,
den Zug b3 sofort zu spielen.'} ({Right was} 19. b3 Nd6 20. a3 (20. Ne5 Ne4 21.
Nxd7 Qxd7 22. Bb2 Bf6 $15) 20... a5 ({if} 20... Ne4 21. axb4 Bxb4 22. Rxa7 Nc3
23. Rf1 Ne4 (23... Bh3 $2 24. Ng5) 24. Bg5 $1 $14) 21. axb4 axb4 22. Bb2 {
and white should keep the position}) (19. b3 {Ribli}) 19... Bf6 20. b3 Nd6 (
20... Ne5 {Ribli} 21. Nxe5 Bxe5 22. Bb2 Bg4 23. Rd2 $11) 21. Bd2 (21. Bb2 {
Ribli} Ne4 $15) 21... Qb6 22. Rbc1 Ne4 {Now the black's advatage is clear:they
take control on all key positions.} 23. Be1 (23. Rxc8 {Ribli} Rxc8 24. Rc1
Rxc1+ 25. Bxc1 Nc3 $17 {[%csl Gc3]}) 23... h6 24. Kg2 a5 {Ribli: 'Mit diesem
Zug stärkt Schwarz seine Bauernstellung am Damenflügel. In einigen Varianten
kann er a5-a4 ziehen.'} 25. h3 Rc5 26. Rxc5 (26. e3 {Ribli} Rec8 $15) 26...
Qxc5 27. e3 Rc8 {Black improve the position step by step Ribli: 'Schwarz
kontrolliert die einzige offene Linie und hat das Läuferpaar. Der weiße
positionelle "Gegenwert" ist der starke Springer auf d4.'} 28. g4 $6 {Serious
weekness of king side Ribli: 'Das ist natürlich kein Angriffszug - Weiß möchte
nur seine Bauernstruktur am Königsflügel verbessern.'} (28. Qa6) (28. Bd2 $2 {
Ribli} Bxh3+ $1 $19) 28... Qb6 29. Ng1 {'?!' Ribli. Ribli: 'Weiß möchte 30.
Nge2 und 31.f3 ziehen.'} (29. Bd2 $15 {Ribli}) 29... Bxd4 {'!' Ribli. Ribli:
'Schwarz nutzt die Gunst der Stunde - Weiß kann nicht mit Nxd4 antworten, denn
der (andere) Springer hat sich nach g1entfernt.'} 30. exd4 (30. Qxd4 Qxd4 31.
Rxd4 Be6 $17 (31... Rc2 {Ribli} 32. Rxd5 Bc6 33. Rd8+ Kh7 $17)) 30... Bb5 31.
Qb1 (31. Qe3 {Ribli} Rc2 {[%csl Gc2]}) 31... Qc6 32. Bd2 Qf6 33. Be3 (33. f3 {
Ribli} Nc3 34. Bxc3 bxc3 35. Qc2 Qf4 $17) 33... Rc3 {'-/+' Ribli. Ribli:
'Droht 34...Rxe3 und 35...Qf2+.'} 34. Qb2 (34. Re1 {Ribli} Rxe3 $19) 34... Rxe3
$1 {Next is clear Ribli: 'Trotzdem! Weiß verteidigte zwar den Punkt f2, aber
dieses Opfer ist immer stark.'} 35. fxe3 Qh4 36. Rd2 (36. Kh1 {Ribli} Qf2 $19)
36... Qg3+ 37. Kh1 Qxe3 {Ribli: 'Der Pe3 ist wichtiger als die Qualität. Der
weiße König befindet sich in großer Not.'} (37... Nxd2 {Ribli} 38. Qxd2 Bf1 $17
) 38. Rc2 Ng3+ (38... Bd3 $17 {Ribli}) 39. Kg2 (39. Kh2 {Ribli} Nf1+ 40. Kh1 (
40. Kg2 {Ribli} Qe4+ 41. Kf2 Qf4+ 42. Ke1 Qg3+ $19) 40... Bd3 $19) 39... Bf1+
40. Kh2 Ne4 41. Qc1 Qg3+ 42. Kh1 Bd3 {'-+' Ribli.} (42... Bxh3 $19 {Ribli}) 43.
Rc8+ Kh7 44. Rh8+ {'!?' Ribli. Ribli: 'Dieser Zug ist schön, hilft aber nichts.
'} Kg6 {'!' Ribli.} (44... Kxh8 {Ribli} 45. Qc8+ Kh7 46. Qf5+ $11) 45. Qc6+ Nf6
46. Re8 Kh7 47. Re5 Be4+ 48. Rxe4 Nxe4 49. Qc2 {[%cal Gc2h7]} g6 $19 {[%cal
Re4f2,Rf2h1]} 0-1

[Event "Corus"]
[Site "Wijk aan Zee"]
[Date "2002.01.22"]
[Round "9"]
[White "Kasimdzhanov, Rustam"]
[Black "Van Wely, Loek"]
[Result "1-0"]
[WhiteElo "2695"]
[BlackElo "2697"]
[Annotator "Kasimdzhanov,R"]
[PlyCount "79"]
[EventDate "2002.01.12"]
[EventType "tourn"]
[EventRounds "13"]
[EventCountry "NED"]
[EventCategory "18"]
[SourceTitle "CBM 087"]
[Source "ChessBase"]
[SourceDate "2002.03.21"]
[SourceVersion "1"]
[SourceVersionDate "2002.03.21"]
[SourceQuality "1"]

1. d4 {Ftacnik} Nf6 2. c4 e6 3. Nf3 d5 4. g3 dxc4 5. Bg2 Nc6 6. Qa4 Bb4+ 7. Bd2
Nd5 8. Bxb4 Ndxb4 9. a3 b5 10. Qxb5 Nc2+ 11. Kd2 Nxa1 12. Qxc6+ Bd7 13. Qxc4 c5
14. Qa2 Qa5+ 15. Nc3 cxd4 16. Nxd4 Rd8 17. Rxa1 e5 18. b4 Qb6 19. Nc2 Qxf2 {
Ftacnik: 'The rating average of the players that have found the courage to
test this system is breathtaking. Even a glance at a position will reveal,
that the line is not meant for fainthearted.'} 20. Bd5 O-O 21. Qc4 Be6 22. Ne3
Qxh2 23. Qh4 Qxh4 24. gxh4 f5 25. Kc2 (25. Ke1 {is given by Kasparov as the
best.}) 25... Kf7 (25... Bxd5 26. Nexd5 Kf7 27. b5 Ke6 28. Nb4 $36) 26. Rg1 $1
$14 ({So far we've been following Kasparov-Adams, Corus 2001, which finished
with} 26. Rd1 f4 27. Nc4 {drawn. This, however, was caused by tournament
situation, and a superficial look at this line made me ready to go for it.})
26... Rd7 {'?!' Ftacnik. Ftacnik: 'The innocently looking move will cause
first problems. '} (26... Bxd5 27. Nexd5 Rd7 28. b5 Rc8 29. Nb4 $14) (26... f4
{Ftacnik} 27. Bxe6+ Kxe6 28. Nc4 g6 29. Nd2 $14) (26... g6 $5 $13 {Ftacnik})
27. Bxe6+ (27. Rxg7+ $2 Kxg7 28. Bxe6 Rd4 $1 29. Nxf5+ Kf6 30. Nxd4 exd4 $11)
27... Kxe6 28. Na4 {white's main idea in this position is to harass black's
king} Kf6 (28... Rc8+ 29. Nc5+ Kf6 30. h5 Rd4 31. Rf1 f4 32. Kc3 g6 33. hxg6
hxg6 34. Nc4 $14 g5 $2 35. Rh1 $1 g4 36. Nxe5 $1 $18) 29. Nc5 Rd4 $2 (29... Rc8
$14 {was the move, after which things are unclear, though I still prefer white.
} 30. h5 Rd4 31. Kc3) 30. Nxf5 $1 $18 {Ftacnik: 'Kasimdzhanov's tactics makes
a great impression, white is able to stear the game towards the winning pawn
endgame.'} Kxf5 31. e4+ $1 Kf6 (31... Rxe4 32. Rg5+ Kf4 33. Ne6+ $18) 32. Rf1+
Ke7 33. Rxf8 Kxf8 34. Ne6+ Kf7 35. Nxd4 exd4 36. Kd3 h5 37. Kxd4 g5 38. hxg5
Kg6 39. b5 Kxg5 40. a4 1-0

[Event "RUS-ch"]
[Site "Elista"]
[Date "1996.??.??"]
[Round "9"]
[White "Khalifman, Alexander"]
[Black "Sveshnikov, Evgeny"]
[Result "1-0"]
[WhiteElo "2640"]
[BlackElo "2535"]
[Annotator "Khalifman,A"]
[PlyCount "51"]
[EventDate "1996.10.15"]
[EventType "swiss"]
[EventRounds "11"]
[EventCountry "RUS"]
[SourceTitle "CBM 056"]
[Source "ChessBase"]
[SourceDate "1997.02.01"]
[SourceVersion "1"]
[SourceVersionDate "1997.02.01"]
[SourceQuality "1"]

1. d4 {HarZvi Ftacnik} d5 2. c4 e6 3. Nf3 c6 4. g3 Nf6 5. Bg2 dxc4 6. O-O (6.
Ne5 {HarZvi} b5 (6... Bb4+ $5) 7. a4 Nd5 8. e4 Nb4 (8... Nf6 9. O-O $13) 9. O-O
Nd7 10. Nxd7 Qxd7 11. Nc3 Bb7 (11... Nd3 12. d5 $36) 12. axb5 cxb5 13. d5 a6 (
13... exd5 14. exd5 Be7 15. d6 Bxg2 16. Re1 $1) 14. b3 $1 Rc8 $2 (14... cxb3
15. Qxb3 exd5 16. exd5 $13) 15. Bh3 $1 Be7 16. Ba3 cxb3 17. Qxb3 Rc4 18. Rfd1
Qc7 19. Na2 Nc2 20. d6 Nxa1 (20... Bxd6 21. Bxd6 Nxa1 22. Qb2 $18) 21. Qb2 Bf6
$2 22. dxc7 {1-0 Shipov,S-Matros,A Moscow2 1994}) (6. Nc3 {HarZvi} Nbd7 7. O-O
b5 (7... Bd6 8. Qc2 O-O (8... b5) 9. Rd1 Qe7 10. Bg5 h6 11. Bxf6 Nxf6 12. Nd2
e5 13. d5 cxd5 14. Nxd5 Nxd5 15. Bxd5 c3 16. Qxc3 Bg4 17. Nc4 Rac8 $6 (17...
Rad8 18. Qe3 b6 19. Qe4 Bc8 20. Nxd6 Rxd6 21. f4 $14) 18. Qe3 Bb8 {Lputian,
S-Arencibia,W Biel inz 1993 58/525 [Lputian,S]} 19. Rd2 $1 Kh8 20. Na5 $16 {
Lputian,S}) 8. Ng5 $6 Nd5 $146 9. e4 Nxc3 10. bxc3 Be7 (10... h6 $4 11. Nxe6
fxe6 12. Qh5+ Ke7 13. Ba3+ $18 {Lputian,S-Alexopoulos,G Philadelphia 1994}) 11.
h4 Nf6 12. e5 Nd5 13. Ne4 O-O 14. h5 h6 15. g4 f5 $2 (15... Rb8 16. f4 f5 17.
exf6 Nxf6 18. Nxf6+ Bxf6 19. Bxc6 b4 $17 {Kaidanov,G}) 16. exf6 Nxf6 17. Nxf6+
Bxf6 18. Bxc6 Rb8 19. Ba3 $1 Be7 20. Bxe7 Qxe7 21. Qe2 $10 {Lputian,S-Kaidanov,
G Washington D.C 1994 63/(421)}) 6... b5 7. a4 Bb7 8. Ne5 Qb6 (8... a6 9. b3 (
9. axb5 axb5 10. Rxa8 Bxa8 11. Nc3 Nbd7 12. Nxc6 Qb6 13. d5 Bc5 14. b4 exd5 15.
Nxd5 Qxc6 16. Nxf6+ Qxf6 17. Bxa8 Bxb4 18. Bf4 $36 {Peelen,P-Filippov,V
Groningen op 1995}) 9... cxb3 10. Bb2 Qb6 (10... Be7 {HarZvi} 11. Qxb3 O-O 12.
Nd2 Ra7 13. Rfe1 Qe8 14. Rac1 a5 15. e4 $44 {Orlov,G-Akopian,V Ch URS (young
masters) Minsk 1990}) 11. Qxb3 Nbd7 12. Nxd7 Nxd7 13. Nd2 $44 {
Tukmakov-Korchnoi (Leningrad 1973)}) (8... a6 $5 {Ftacnik}) 9. b3 $5 $146 (9.
e4) (9. e4 {Ftacnik}) 9... cxb3 10. Qxb3 Nbd7 (10... Qxd4 11. axb5 $1 (11. Bb2
{Ftacnik} Qb6 12. axb5 cxb5 13. Bd4 Qxd4 (13... Bd5 14. Qxd5 $1) (13... Qc7 14.
Qxb5+ $18) 14. Bxb7 Qxa1 15. Qxb5+ Nbd7 16. Nxd7 Nxd7 17. Bxa8 Qe5 18. Qa4 Qc7
19. Rd1 Bd6 20. Na3 Ke7 21. Nb5 Qc5 22. Nxd6 Rxa8 23. Ne4 $18) (11. axb5 Qxe5 (
11... Qxa1 12. bxc6 $40) 12. bxc6 Bxc6 13. Bxc6+ Nxc6 14. Qb7 Nd8 $19)) (10...
a6 $5) (10... Bd6 {Ftacnik} 11. Na3 Qxd4 12. Nxb5 cxb5 13. Qxb5+ Nbd7 14. Nxd7
Nxd7 15. Bxb7 Rb8 16. Be3 Qe5 17. Qc6 Qd5 18. Rfd1 Qxc6 19. Bxc6 Ke7 20. Bxd7
Kxd7 21. Bc5 Rb6 22. Bxb6 axb6 23. e4 {1-0 Hackel,M-Wernert,W/OLO-A 9495/1995/
(33)}) (10... a6 $5 {Ftacnik}) (10... Qxd4 {HarZvi}) 11. Be3 $1 {/\12.d5} c5 {
Ftacnik: Opening of the position can only play into the hands of a better
developed player. Ftacnik: Die Öffnung einer Stellung kommt stets dem Spieler
mit Entwicklungsvorsprung zugute.} (11... Nd5 12. Nxd7 Kxd7 13. Nc3 $40 (13. a5
{Ftacnik} Qd8 14. a6 Bc8 15. Nc3 Ke8 16. Rfc1 Bd7 17. Ne4 f5 18. Nc5 Bxc5 19.
Rxc5 Qf6 20. Rd1 {0-1 Liebert,H-Rausch,S/BL2-O 9394/1994/ (37)})) (11... b4 $6
{HarZvi} 12. d5 Nc5 13. dxc6 Ba6 14. Qb2 $16) 12. Nxd7 Nxd7 13. d5 $1 (13. Bxb7
Qxb7 14. axb5 Be7 $10) (13. Qxb5 Bxg2 14. Kxg2 cxd4 15. Qxb6 axb6 16. Bxd4 e5
$10) 13... bxa4 (13... exd5 14. Bxd5 (14. Nc3 {HarZvi} d4 15. a5 $1 Qe6 (15...
Qa6 16. Nxb5 $18) 16. Qxe6+ fxe6 17. Bxb7 Rb8 18. Bc6 $18) 14... Bxd5 15. Qxd5
Rd8 16. axb5) (13... c4 {HarZvi} 14. Qb2 Nc5) 14. Qxa4 exd5 (14... Bxd5 15. Nc3
$1 (15. Bxd5 {Ftacnik} exd5 16. Nc3 d4 (16... Qe6 17. Nxd5 Qxd5 18. Rfd1 Qb7
19. Rxd7 Qxd7 20. Qe4+ Be7 21. Qxa8+ Qd8 22. Rxa7 O-O 23. Qxd8 Bxd8 24. Bxc5
Re8 25. Ra8 $18) 17. Bf4 dxc3 (17... Rc8 {with Qc6}) 18. Qe4+ $18) 15... Bxg2
16. Kxg2 $16 (16. Kxg2 {HarZvi} Qb7+ 17. Kg1 Be7 18. Rfd1 Rc8 (18... Rd8 19.
Rab1) 19. Ra2 $1 a6 (19... Qc6 20. Qxc6 Rxc6 21. Rxa7 Nb6 22. Ra6 $1 $16 {
/+- Xb6}) 20. Rad2 Rd8 {HarZvi: white is two pawns down black can not move but
still white has to find a plan} 21. Bf4 $1 Qc8 (21... g5 22. Be5 $1 f6 23. Rb1
$1 Qa7 (23... Qc8 24. Rb8 $18) (23... Qa8 24. Rb8 $18) 24. Nb5 $1 Nb6 25. Qa5
Nc4 26. Qxd8+ Bxd8 27. Rxd8+ Kxd8 28. Nxa7 $18) 22. Ne4 Qb7 23. Be5 $1 f6 24.
Bc3 Qb5 25. Qa2 {HarZvi: with Ba5 when black's position seems lost})) 15. Nc3
d4 (15... Qe6 {HarZvi} 16. Rfd1 Bc6 17. Bxd5 $5 (17. Nxd5 Bxa4 18. Nc7+ (18.
Nc7+ Ke7 19. Nxe6 Bxd1 20. Bxa8 Kxe6 (20... Bxe2 21. Nxc5) 21. Rxd1 Nb6 22. Bf3
{HarZvi: and white will win the "a" pawn with a veyr nice endgame})) 17... Bxa4
18. Rxa4 Qf6 19. Bxa8 $16 {with a very strong initiative for white}) 16. Nd5 $1
(16. Rfb1 $2 Bxg2 $1) 16... Bxd5 (16... Qc6 {HarZvi} 17. Qxc6 Bxc6 18. Nc7+) (
16... Qd8 {HarZvi} 17. Bf4 Bxd5 18. Bxd5 Rc8 19. Bb7) 17. Bxd5 Rd8 18. Bf4 {
HarZvi: /-+ black indeed has two pawns but he can not prevent white's
penetration into the seventh rank with Rb1-b7,while the pin along the a4-e8
diagonal prevents blavk : from castling} Qf6 {/\ Bf8-d6, 0-0} (18... Qb4 $2 19.
Qa2 $1 $18 {/\20.Bxf7}) (18... Bd6 19. Rfb1 Qc7 20. Rb7 Bxf4 21. Rxc7 Bxc7 22.
Qb3 O-O 23. Rxa7 Be5) (18... Be7 {HarZvi} 19. Bc6 Qb4 20. Qxa7) 19. Qb5 $1 (19.
Qxa7 Be7) (19. Rfb1 {Ftacnik} Bd6 20. Rb7 Bxf4 21. gxf4 Ke7 (21... Qxf4 22. Bc6
Qd6 23. Qb5 $18) 22. Qb5 Qd6 23. Bc6 $18) 19... Bd6 (19... Be7 {Ftacnik} 20.
Bc6 Qe6 21. Rxa7 $18) (19... Qb6 {HarZvi} 20. Qc4) 20. Ra6 {HarZvi: loses
immediately,but any way black is under massive pressure} Rb8 21. Bb7 $1 Bxf4
22. Rxf6 gxf6 23. gxf4 f5 24. Qc6 Kd8 25. Qd5 Kc7 26. Bc6 1-0